<?xml version="1.0" encoding="UTF-8"?><?xml-stylesheet type="text/xsl" href="static/style.xsl"?><OAI-PMH xmlns="http://www.openarchives.org/OAI/2.0/" xmlns:xsi="http://www.w3.org/2001/XMLSchema-instance" xsi:schemaLocation="http://www.openarchives.org/OAI/2.0/ http://www.openarchives.org/OAI/2.0/OAI-PMH.xsd"><responseDate>2026-04-30T05:15:02Z</responseDate><request verb="GetRecord" identifier="oai:uvadoc.uva.es:10324/39461" metadataPrefix="marc">https://uvadoc.uva.es/oai/request</request><GetRecord><record><header><identifier>oai:uvadoc.uva.es:10324/39461</identifier><datestamp>2021-06-18T07:27:04Z</datestamp><setSpec>com_10324_38</setSpec><setSpec>col_10324_787</setSpec></header><metadata><record xmlns="http://www.loc.gov/MARC21/slim" xmlns:doc="http://www.lyncode.com/xoai" xmlns:xsi="http://www.w3.org/2001/XMLSchema-instance" xmlns:dcterms="http://purl.org/dc/terms/" xsi:schemaLocation="http://www.loc.gov/MARC21/slim http://www.loc.gov/standards/marcxml/schema/MARC21slim.xsd">
<leader>00925njm 22002777a 4500</leader>
<datafield tag="042" ind1=" " ind2=" ">
<subfield code="a">dc</subfield>
</datafield>
<datafield tag="720" ind1=" " ind2=" ">
<subfield code="a">Rubio Gómez, Amara</subfield>
<subfield code="e">author</subfield>
</datafield>
<datafield tag="260" ind1=" " ind2=" ">
<subfield code="c">2019</subfield>
</datafield>
<datafield tag="520" ind1=" " ind2=" ">
<subfield code="a">«España como problema, Europa como solución»: una propuesta didáctica&#xd;
sobre la Historia reciente para Geografía e Historia en 4º de E.S.O.&#xd;
El presente trabajo tiene como objeto llevar a la praxis la realización de un modelo&#xd;
de Programación Didáctica para la asignatura de Geografía e Historia en el curso de 4º de&#xd;
la E.S.O., siguiendo la actual ley educativa (L.O.M.C.E.), del mismo modo que el&#xd;
desarrollo de una Unidad Didáctica Modelo, dedicada a la Historia de la integración&#xd;
europea, y la adhesión española.</subfield>
</datafield>
<datafield tag="520" ind1=" " ind2=" ">
<subfield code="a">«Spain as a problem, Europe as a solution»: a didactic proposal on the recent&#xd;
History for Geography and History in 4th of E.S.O.&#xd;
The aim of this work is to show a model of Didactic Programming for the subject&#xd;
of Geography and History in the fourth grade of compulsory secondary education,&#xd;
following the current educational law (LOMCE), and a proposal of a didactic unit focused&#xd;
on the history of European integration, and Spanish integration in the EU.</subfield>
</datafield>
<datafield tag="024" ind2=" " ind1="8">
<subfield code="a">http://uvadoc.uva.es/handle/10324/39461</subfield>
</datafield>
<datafield tag="245" ind1="0" ind2="0">
<subfield code="a">«España como problema, Europa como solución»: una propuesta didáctica sobre la Historia reciente para Geografía e Historia en 4º de ESO</subfield>
</datafield>
</record></metadata></record></GetRecord></OAI-PMH>